| 000 | 00647nam a22002177a 4500 | ||
|---|---|---|---|
| 003 | NALT | ||
| 005 | 20221026120130.0 | ||
| 008 | s2006 eng d | ||
| 020 | _a0521601711 | ||
| 040 | _aNALT | ||
| 041 | _aeng | ||
| 050 |
_aPE1128 _bR52I 2006 |
||
| 100 | 0 | _aRichards, Jack C. | |
| 245 | 1 | 0 | _aInterchange third edition student's book 1 [8th] |
| 260 | 3 |
_aCambridge : _bCambridge University Press, _c2006 |
|
| 300 |
_a1 v. : _b ill. ; _c 28 cm. |
||
| 650 | 0 | 4 | _aCommunication, International -- Problems, exercises, etc. |
| 650 | 0 | 4 | _aEnglish language -- Textbooks for foreign speakers |
| 850 | _aNALT | ||
| 942 |
_cGB _2lcc |
||
| 999 |
_c49566 _d49566 |
||
| 998 |
_j109 _k นางสาวอารีรัตน์ วิชาช่าง |
||